000 00934nam a2200265Ia 4500
003 OSt
005 20221005110905.0
006 a|||||r|||| 00| 0
007 ta
008 221004b |||||||| |||| 00| 0 hin d
020 _a9788126724185 (hbk)
_c550
024 _a11247
037 _bBR8180, 20/03/2014, Rajkamal Prakashan Pvt. Ltd.
_cTextual
040 _aCRL
_cCRL
_bhin
041 _2hin
_ahin
082 _aO152,3N46x, Q3
100 _aबिष्ट, पंकज
245 0 _aशताब्दी से शेष
246 _aShatābdī se sheṣha
260 _aनई दिल्ली
_bराजकमल प्रकाशन भारत
_c2013
300 _a335पृ0
_ccm.
650 _aहिन्दी साहित्य
942 _hO152,3N46x, Q3
_cTEXL
_2cc
999 _c1020202
_d1020202